Načítá se...
Visva Vijnaanakosam
| Hlavní autoři: | , |
|---|---|
| Médium: | Printed Book |
| Vydáno: |
Kottayam, Sahithya Pravarthaka Co-Operative Society
1970
|
| Edice: | 5
|
| Témata: |
| LEADER | 005880000a22002050004500 | ||
|---|---|---|---|
| 022 | |a 07-07-2004 | ||
| 041 | |a Malayalam | ||
| 082 | |a 030 L0.5 | ||
| 100 | |a Bhaskara Panikkar |f P T |f Ed | ||
| 100 | |a Sreedharan, C P |f Ed | ||
| 245 | |a Visva Vijnaanakosam | ||
| 260 | |a Kottayam, Sahithya Pravarthaka Co-Operative Society | ||
| 260 | |c 1970 | ||
| 465 | |a R 60 | ||
| 490 | |a 5 | ||
| 650 | |a Encyclopaeadia | ||
| 650 | |a Malayalam | ||
| 942 | |c BK | ||
| 999 | |c 143892 |d 143888 | ||
| 952 | |0 0 |1 0 |4 0 |6 030_000000000000000_L0_5 |7 0 |9 142672 |a SCC |b SCC |d 2017-10-11 |l 0 |o 030 L0.5 |p SCC00758 |r 2017-10-11 |w 2017-10-11 |y BK | ||